000 01479nam0a22002771 4500
001 rc\3775041
005 20260406154829.0
021 _aRU
_b[75-36034]
035 _a(NLR Aleph) 007227428
090 _a7716597
_c7716597
100 _a20120127d1975 |||y0rusy50 ca
101 0 _arus
102 _aRU
105 _ay z |||||
200 1 _aXXIV съезд КПСС и проблемы идеологической борьбы
_eСборник трудов
_f[Ред. коллегия: доц. канд. ист. наук Р.В. Бутурлов (отв. ред.) и др.]
_gМ-во просвещения РСФСР. Моск. гос. пед. ин-т им. В.И. Ленина. Кафедра науч. коммунизма
210 _aМосква
_cБ. и.
_d1975
215 _a288 с.
_d20
532 1 1 _aДвадцать четвертый съезд Коммунистической партии Советского Союза и проблемы идеологической борьбы
606 _aБуржуазная идеология
_jСборники
_2psbo
702 1 _aБутурлов
_bР.В.
_gРостислав Владимирович
_4340
712 0 2 _aМосковский педагогический институт им. В. И. Ленина
_bКафедра научного коммунизма
_3RU\NLR\AUTH\889930155
_9355871
801 0 _aRU
_bNLR
_gpsbo
801 1 _aRU
_bELAR
_2rusmarc
852 _aNLR
_j75-3/2536
942 _cBOOK
980 _aNB